Die Hieroglyphen und ihre Entzifferung : 200 Jahre Jean-Francois Champollion; Begleitheft und Führungsblatt zur Ausstellung.

محفوظ في:

المؤلف الرئيسي: Hannig, Rainer.

مؤلف مشترك: Roemer- und Pelizaeus-Museum (Hildesheim)

التنسيق: كتاب

اللغة: German

منشور في: Hildesheim : Roemer-Pelizaeus-Museum, 1990.

الموضوعات:

الوسوم: إضافة وسم

لا توجد وسوم, كن أول من يضع وسما على هذه التسجيلة!

رقم الطلب: ( P )PJ1064 .C6 H25 1990

LEADER 00865nam a2200217Ia 4500
003 OSt
005 20240709093508.0
008 991004s1990 gw a 000 0 ger
952 |0 0  |1 0  |2 lcc  |4 0  |7 1  |9 43840  |a ARCE  |b ARCE  |d 2022-11-24  |l 0  |o ( P )PJ1064 .C6 H25 1990  |p 1029553  |r 2022-11-24 00:00:00  |w 2022-11-24  |y BK 
999 |c 50297  |d 50297 
040 |c ARCE Library 
050 4 |a ( P )PJ1064 .C6 H25 1990 
100 1 |a Hannig, Rainer. 
245 1 0 |a Die Hieroglyphen und ihre Entzifferung :   |b 200 Jahre Jean-Francois Champollion; Begleitheft und Führungsblatt zur Ausstellung. 
264 1 |a Hildesheim :   |b Roemer-Pelizaeus-Museum,   |c 1990. 
300 |a 44 p. :   |b ill. ;   |c 30 cm. 
600 0 0 |a Champollion, Jean-Francois,   |d 1790-1832. 
650 0 |a Egyptian language -- Writing, Hieroglyphic. 
710 2 |a Roemer- und Pelizaeus-Museum (Hildesheim) 
901 |a reviewed 
942 |2 lcc  |c BK